| 000 | 00756nam a22002417a 4500 | ||
|---|---|---|---|
| 001 | 57790 | ||
| 003 | UA-OsUOA | ||
| 005 | 20220515172742.0 | ||
| 007 | ta | ||
| 008 | 20060904b un ||||| |||| 00| 0 ukr d | ||
| 040 |
_aUA-OsUOA _bukr _cUA-OsUOA _dUA-OsUOA |
||
| 041 | _aukr | ||
| 080 | _a57.087.1 | ||
| 090 |
_a57.087.1 _bА92 |
||
| 100 | _aАтраментова Л. О. | ||
| 245 |
_aБіометрія _bпідручник _nч. 2 _pПорівняння груп і аналізу зв'язку |
||
| 260 |
_aХарків _bРанок _c2007 |
||
| 300 | _a176 с. | ||
| 650 | 7 |
_a57 Біологічні науки в цілому _2UDC |
|
| 942 |
_cBK _2udc |
||
| 955 | _a1 | ||
| 999 |
_c343871 _d343871 |
||